000 00917nas a2200277 4500
001 BR2013005893
003 BR-BrBNA
005 20231205122745.0
007 ta
008 230509b bl.|||p| |||| 00| 00por d
040 _aBR-BrBNA
_bpor
_cBiblioteca Nacional de Agricultura
041 _a(Pt)
072 _aP35
100 1 _aBrum, C.S.
100 1 _aFranco, A.A.
100 1 _aScorza Júnior, R.P.
245 1 _aDegradação do herbicida sulfentrazone em dois solos de Mato Grosso do Sul
650 _aPERSISTÊNCIA DE PESTICIDA
650 _aCANA DE AÇÚCAR
650 _aDETERIORAÇÃO DO SOLO
650 _aAGROTÓXICO
773 0 _tRevista Brasileira de Engenharia Agrícola e Ambiental (Brazil)
_xISSN 1807-1929
_g(May 2013), v. 17(5) p. 558-564
_wBR2013005893
856 4 0 _uhttp://www.scielo.br/pdf/rbeaa/v17n5/a14v17n5.pdf
909 _a202311
_bLúcia
_c55
_dLúcia Elande
942 _2AGRIS
_n0
_cANA
999 _c230384
_d230384